00567nam a2200157 i 450000100060000000300090000600500170001500700030003200800410003510000190007624501840009526000350027930000340031470000400034885200210038851333ES-MaACL20230906162334.0t|030812s1981 sp ||||1| spa d1 aDaerr, Alfred.10aTecnología farmacéutica b: texto para el ingeniero farmacéutico /c[director, Alfred Dèarr] ; traducido de la 4ª edición alemana por Vicente Montejo de Garcini Guedas. aZaragoza : bAcribia, c[1981] aXI, 366 p. : bil. ; c24 cm.1 aMontejo de Garcini Guedas, Vicente. aES-MaACLjL-1935